000
00194 a2200097 4500
001
29805
100
_a
AMC
245
_a
sp;od Propallunt Part one
260
_a
_b
AMC
_c
090
_c
19822
_d
19822
942
_a
NUST-CAE
_c
M
_c
10916
999
_c
264878
_d
264878